000 01064nam a2200313Ia 4500
003 OSt
005 20221007121127.0
006 a|||||r|||| 00| 0
007 ta
008 221006b |||||||| |||| 00| 0 eng d
020 _a9783527318193 (Hb)
024 _a150607
037 _b077, 29/09/2011, N R Book Distributors
_cTextual
040 _aBDL
_cBDL
_beng
041 _2eng
_aeng
082 _aE92Z2:3,E1, Q0 CARB
100 _aCarta Giorgio
_9710721
245 0 _aProtein chromatography
_b Jungbauer Aiois
260 _aUSA
_bWiley-VCH
_c2010
300 _axviii; 346p.
_ccm.
500 _aInclude bibliographical references; Index 341-346p.
650 _a Biotechnology products
_9710722
650 _a Chomatography process
_9710723
650 _a Chromatography media
_9710724
650 _aProtein chromatography
_9710725
700 _a Jungbauer Aiois
_9710726
942 _hE92Z2:3,E1, Q0 CARB
_cTEXL
_2CC
999 _c1208469
_d1208469